| 000 | 00366 a2200145 4500 | ||
|---|---|---|---|
| 020 | _a8177220195 | ||
| 082 | _a005.7585 | ||
| 090 |
_c4259 _d4259 |
||
| 100 | _aDespande,P.S. | ||
| 245 |
_aSQL PL / SQL for Oracle 8 & 8i _cP.S.Despande |
||
| 260 |
_aNew Delhi _bOt Dreamtech Press _c2000 |
||
| 300 | _a487p | ||
| 500 | _aPaper cover | ||
| 942 |
_aNBS _cBK _k005.7585 DES |
||
| 999 |
_c346707 _d346707 |
||